| 000 | 01090nam a22003017a 4500 | ||
|---|---|---|---|
| 005 | 20240530110411.0 | ||
| 008 | 150215s2011 ua o a 000 0 ara d | ||
| 017 |
_a2007/15257 _bمصر . دار الكتب المصرية |
||
| 020 | _a9771439073 | ||
| 040 | _aEG-CaGPL | ||
| 041 | 0 | _aara | |
| 082 | 0 | 4 |
_221 _a932 _bط/ز م |
| 100 | 0 | _aزاهى حواس | |
| 245 | 1 | 0 |
_a100 حقيقة مثيرة فى حياة الفراعنة / _cزاهى حواس ؛ اشراف عام داليا محمد ابراهيم |
| 250 | _aط2 | ||
| 260 |
_aالقاهرة : _bنهضة مصر للطباعة و النشر و التوزيع ، _c2011 |
||
| 300 |
_a110 ص : _bصور ؛ _c32 سم |
||
| 650 | 0 | 4 | _aكليوباترا |
| 650 | 0 | 4 | _aالاسكندر الاكبر |
| 650 | 0 | 4 | _aاخناتون |
| 650 | 0 | 4 | _aتوت عنخ امون |
| 650 | 0 | 4 | _aمصر القديمة |
| 650 | 0 | 4 | _aقدماء المصريين |
| 650 | 0 | 4 | _aالحضارة الفرعونية |
| 700 | 1 |
_aداليا محمد ابراهيم _eمشرف |
|
| 942 |
_2ddc _cBK |
||
| 999 |
_c60453 _d60453 |
||